Coconut Cupcake Ingredients - Sudden Death - Statistics

General Stats
  • This quiz has been taken 64 times
  • The average score is 4 of 13
Answers on the Grid
Answers color-coded by a green-red scale on the quiz's grid according to % correct below.
Almond extract
Baking powder
Baking soda
Brown sugar
Butter
Buttermilk
Coconut
Coconut flavoring
Confectioner's sugar
Cream cheese
Eggs
Flour
Maple syrup
Milk
Plain yogurt
Salt
Sour cream
Sugar
Vanilla extract
Vegetable oil
 
Answer Stats
Answer % Correct
Coconut
61%
Butter
53%
Baking powder
50%
Eggs
45%
Flour
42%
Baking soda
34%
Sugar
29%
Salt
24%
Vanilla extract
16%
Buttermilk
11%
Almond extract
8%
Confectioner's sugar
8%
Cream cheese
3%
No matching quizzes found
Score Distribution
Percent of People with Each Score
Percentile by Number Answered
Your Score History
You have not taken this quiz